| 000 | 00501 a2200181 4500 | ||
|---|---|---|---|
| 999 |
_c7065 _d7065 |
||
| 020 | _a0273029290 | ||
| 050 | _aHS 5549.5 HAN 1988 | ||
| 100 |
_aHandy, Charles _eauthor |
||
| 245 |
_aMaking managers / _cCharles Handy |
||
| 264 |
_aLondon : _bPitman piblishing, _c1988. |
||
| 300 | _a214p.: | ||
| 500 | _aInclude index. | ||
| 650 |
_aExecutives _xTraining |
||
| 700 |
_aColin Gordon _eauthor |
||
| 700 |
_aIan Gow _eauthor |
||
| 700 |
_aCollin Randlesome _eauthor |
||
| 942 |
_2lcc _cBK _h5549 _iHAN _kHF |
||